The sixth international conference on technology and education

Saved in:
Bibliografiske detaljer
Format: Bog
Sprog:engelsk
Udgivet: Orlando CEP consultants 1989
Fag:
Tags: Tilføj Tag
Ingen Tags, Vær først til at tagge denne postø!

MARC

LEADER 00000nam a2200000 a 4500
001 UCW4141
003 CL-VaPUC
008 890925e19890000US |||||||||||||||||eng|d
082 0 4 |a 371.3078  |b SIX  |2 21 
245 1 4 |a The sixth international conference on technology and education 
300 |a 2 v 
942 |c BK 
945 |d 19890925 00:00:00 
260 |a Orlando  |b CEP consultants  |c 1989 
650 0 |a Tecnología educacional  |9 307265 
650 7 |a CONGRESOS, CONFERENCIAS, ETC  |2 CL-VaPUC  |9 255444 
650 0 |a Innovaciones pedagógicas  |9 307471 
583 |a last modification  |c 19890925 00:00:00  |k Rodrigo Vera 
999 |c 217936  |d 217934 
952 |0 0  |1 0  |4 0  |6 371_307800000000000_SIX_1989  |7 0  |8 P  |9 206623  |a BIBEDU  |b BIBEDU  |c BIBEDU_PB  |d 2019-11-15  |h v.1  |i 2744511  |o 371.3078 SIX 1989  |p 2744511  |r 2024-01-25  |w 2019-11-15  |y BK  |k EDU 
952 |0 0  |1 0  |4 0  |6 371_307800000000000_SIX_1989  |7 0  |8 P  |9 206624  |a BIBEDU  |b BIBEDU  |c BIBEDU_PB  |d 2019-11-15  |h v.2  |i 274452K  |o 371.3078 SIX 1989  |p 274452K  |r 2024-01-25  |w 2019-11-15  |y BK  |k EDU